Normal view
MARC view
Entry Topical Term
001 - CONTROL NUMBER
- control field: 24345
003 - CONTROL NUMBER IDENTIFIER
- control field: ARRUPE
005 - DATE AND TIME OF LATEST TRANSACTION
- control field: 20160503151539.0
008 - FIXED-LENGTH DATA ELEMENTS
- fixed length control field: 160503|| aca||aabn | a|a d
040 ## - CATALOGING SOURCE
- Original cataloging agency: ARRUPE
- Transcribing agency: ARRUPE
150 ## - HEADING--TOPICAL TERM
- Topical term or geographic name as entry element: Guerrillas
- Geographic subdivision: Africa
670 ## - SOURCE DATA FOUND
- Source citation: Work cat.: (ARRUPE)35707: Nkrumah, Kwame 24344, Handbook of revolutionary warfare